000 00637nam a2200241Ia 4500
003 OSt
005 20220924114555.0
006 a|||||r|||| 00| 0
007 ta
008 220923b |||||||| |||| 00| 0 san d
024 _a38365
037 _cTextual
040 _aARTS
_cARTS
_bsan
041 _2san
_asan
082 _aO15,7K50,1, G1
100 _aMitra Misra
_9174323
245 0 _aAnandakand campu
260 _aBenares
_bGovt. Sanskrit Libaray India
_c1931
300 _a209p.
_ccm.
650 _aSANSKRIT LITERATURE
942 _hO15,7K50,1, G1
_cTEXL
_2CC
999 _c394266
_d394266